000
00207nam a22000857a 4500
008
161208b xxu||||| |||| 00| 0 eng d
100
_9
1955
_a
Estes.R.
245
_a
Dragon of Doom
260
_a
New Delhi
_b
Vikas
_c
1983
999
_c
4749
_d
4749